Capital especulativo y blindaje financiero en Mx̌ico

Detalles Bibliográficos
Autor principal: Rozo, Carlos A.
Formato: eBook
Lenguaje:español
Publicado: Ciudad de Mx̌ico: Cm̀ara de Diputados, 2017
Materias:
Acceso en línea:Acceso restringido

MARC

LEADER 00000nam a22000007a 4500
005 20180331212710.0
007 cr|||| ||||
008 180331s2017 mx |||||s|||| 00||0 spa d
020 |a 978-607-28-0931-4 
035 |a 21176 
040 |a vLex 
090 |c 7616  |d 7616 
100 1 |a Rozo, Carlos A. 
245 1 0 |a Capital especulativo y blindaje financiero en Mx̌ico  |h [Recurso electrn̤ico] /  |c Carlos A. Rozo 
256 |a Servicio en ln̕ea 
260 |a Ciudad de Mx̌ico:  |b Cm̀ara de Diputados,  |c 2017 
300 |a 1 recurso electrn̤ico 
506 1 |a Disponible solo en los productos indicados  |d vLex Global  |d vLex Global (Academic Edition, excluding Law Schools)  |d vLex Global (U.S. Academic Edition, Law Schools)  |d vLex Global (U.S. Academic Edition, excluding Law Schools)  |d vLex Global (Academic Edition, Law Schools) 
650 0 4 |a Financiero  |z Mx̌ico 
740 0 |a vLex Libros (Servicio en ln̕ea) 
856 4 0 |u http://vlex.com/source/capital-especulativo-blindaje-financiero-mexico-21176  |z Acceso restringido 
942 |c BOOK 
999 0 |a Financial